Geography and voting behaviour /

Kaydedildi:
Detaylı Bibliyografya
Yazar: Busteed, M. A. (Mervyn Austen), 1944-
Materyal Türü: Kitap
Dil:English
Baskı/Yayın Bilgisi: London : Oxford University Press, 1975.
Seri Bilgileri:Theory and practice in geography
Konular:
LEADER 01030nam a2200289 i 4500
001 c000327837
003 CARM
005 20111213101834.0
008 761209s1975 enkab b 00010 eng
015 |a GB76-02935 
019 1 |a 22605336  |z 27515383  |z 800443  |5 LACONCORD2021 
020 |c £0.95 
035 |a (OCoLC)2370946  |5 LACONCORD2021 
040 |a VCAV  |c VCAV 
050 0 0 |a JF1001  |b .B78 
082 0 0 |a 324/.22 
100 1 |a Busteed, M. A.  |q (Mervyn Austen),  |d 1944-. 
245 1 0 |a Geography and voting behaviour /  |c [by] M. A. Busteed. 
260 |a London :  |b Oxford University Press,  |c 1975. 
300 |a [4], 60 p. :  |b ill., maps ;  |c 21 cm. 
490 0 |a Theory and practice in geography 
504 |a Bibliography: p. [55]-60. 
650 0 |a Elections. 
650 0 |a Political geography. 
852 8 |b CARM  |h A1:AN16B0  |i B08664  |p 0416318  |f BK 
999 f f |i 705eaa78-ab95-5e76-8bbb-50bee17931c6  |s 46e08321-37cb-5a69-be6f-d55426974676 
952 f f |p Can circulate  |a CAVAL  |b CAVAL  |c CAVAL  |d CARM 1 Store  |e B08664  |f A1:AN16B0  |h Other scheme  |i book  |m 0416318